Pays qui ont le plus changé leurs émissions de dioxyde de carbone - Statistiques

Statistiques générales
  • Ce quiz a été pris 16 845 fois
    12 338 depuis la dernière actualisation
  • Le résultat moyen est 14 sur 20
Statistiques - réponses
Hausse/Baisse Pays % Correct
- 99 France
99%
8 762 Chine
98%
- 1252 États-Unis
98%
- 212 Allemagne
94%
1 653 Inde
92%
- 82 Espagne
91%
269 Russie
91%
- 168 Japon
88%
- 138 Italie
87%
- 216 Royaume-Uni
85%
142 Corée du Sud
71%
321 Arabie Saoudite
66%
305 Indonésie
66%
223 Turquie
58%
358 Iran
57%
132 Égypte
52%
- 171 Ukraine
52%
- 43 Grèce
45%
264 Viêt Nam
44%
- 33 Venezuela
17%
Aucun quiz correspondant
Distribution des résultats
% des personnes avec chaque résultat
Percentile par nombre de réponses
Votre historique - résultats
Vous n’avez pas pris ce quiz depuis la dernière actualisation